Πόλεις που ιδρύθηκαν από τους Έλληνες - Statistics

General Stats
  • This quiz has been taken 70 times
    24 since last reset
  • The average score is 4 of 9
Answer Stats
Πληθυσμός Πόλη % Correct
15.350.000 Κωνσταντινούπολη (Βυζάντιον)
91%
5.350.000 Αλεξάνδρεια
77%
2.950.000 Σμύρνη
73%
900.000 Νάπολη (Νεάπολις)
32%
1.000.000 Οδησσός
27%
870.000 Μασσαλία
23%
350.000 Νίκαια
18%
320.000 Βάρνα (Ὀδησσός)
9%
850.000 Βεγγάζη (Εὐεσπερίδες/Ἑσπερίς)
5%
No matching quizzes found
Score Distribution
Percent of People with Each Score
Percentile by Number Answered
Your Score History
You have not taken this quiz since the last reset